TMS 9901 programmable systems interface data manual

সংরক্ষণ করুন:
গ্রন্থ-পঞ্জীর বিবরন
বিন্যাস: গ্রন্থ
ভাষা:Undetermined
প্রকাশিত: Taxas Instruments 1976
বিষয়গুলি:
ট্যাগগুলো: ট্যাগ যুক্ত করুন
কোনো ট্যাগ নেই, প্রথমজন হিসাবে ট্যাগ করুন!
Thư viện lưu trữ: Trung tâm Học liệu Trường Đại học Cần Thơ
LEADER 00435nam a2200145Ia 4500
001 CTU_99108
008 210402s9999 xx 000 0 und d
082 |a 001.64 
082 |b T626 
245 0 |a TMS 9901 programmable systems interface data manual 
260 |b Taxas Instruments 
260 |c 1976 
650 |a Electronic data processing,Computer programs 
904 |i M.Loan 
980 |a Trung tâm Học liệu Trường Đại học Cần Thơ